Statistics for Famous People from the 20th Century AD

Click here to take the quiz!

General Stats

  • This quiz has been taken 94 times
  • The average score is 16 of 20

Answer Stats

HintAnswer% Correct
"Führer" of Germany from 1933 to 1945, responsible for WWII and the ShoahAdolf Hitler
98%
King of Rock'n'Roll, "Jailhouse Rock", "Love me Tender", "Hound Dog"Elvis Presley
98%
Civil rights activist in the USA, known for his "I have a dream"-SpeechMartin Luther King
94%
Activist for Indian Indepence, known for his principle of Non-Violence and his Salt March, murdered in 1948Mohandas Gandhi
94%
Beatles-Member, husband of Yoko Ono, who was murdered in 1980John Lennon
93%
Dictator of the USSR during WWII, responsible for the Great Purge, the Holodomor and the Industrialisation of the USSRJoseph Stalin
93%
Leader of the Bolshevik Party during the October Revolution in Russia, founder of the USSRVladimir Lenin
92%
Scientist, who developed the Special and General Theory of Relativity and made important contributions to Quantum PhysicsAlbert Einstein
91%
Pioneer of animated movies, inventor of Mickey Mouse, his company is now one of the biggest companies in the entertaiment industryWalt Disney
91%
Prince of Austria-Hungary, who was murdered in 1914, which caused WWIFranz Ferdinand
88%
Industrialist, founded a company, which produced the Model T, the first mass produced carHenry Ford
88%
Communist Leader of China, who won the Chinese Civil War and ruled the country till his death in 1976Mao Zedong
87%
Father of PsychoanalysisSigmund Freud
85%
Last leader of the USSR, known for his "Glasnost" and "Perestoika" policyMikhail Gorbachev
77%
Pop artist, known for his paintings of a soup can, Marilyn Monroe, and a banana for Velvet UndergroundAndy Warhol
76%
Cosmonaut and first person in SpaceYuri Gagarin
74%
Communist independence fighter in Vietnam and first Prime Minister of North VietnamHo Chi Minh
69%
Pioneer of Computer Science, helped to break the Enigma-CodeAlan Turing
64%
Leader of the Solidarność union and first President of Poland after the fall of the Warsaw PactLech Walesa
48%
Existantialist philosopher and playwright, author of "Being and Nothingness", "No Exit" and "Existentialism is a Humanism"Jean-Paul Sartre
34%

Score Distribution

Percentile by Number Answered

Percent of People with Each Score

Your Score History

You have not taken this quiz